| 000 | 01931nam a2200517 i 4500 | ||
|---|---|---|---|
| 001 | 46895 | ||
| 003 | KOSZ 005 | ||
| 005 | 20211202131557.0 | ||
| 008 | 020717s2001 pl a |000 0 pol | ||
| 015 | _aUWD 2002/18209 | ||
| 020 | _a8388408720 | ||
| 035 | _a991018597009705066 | ||
| 035 | _a(PL-WaBN)b15041621-48omnis_nlop | ||
| 035 | _ab15041621 | ||
| 035 | _a(OCoLC)749372642 | ||
| 035 | _azz2002940971 | ||
| 035 | _a(PL)b0000001504162 | ||
| 035 | _a(EXLNZ-48OMNIS_NETWORK)9910027951305606 | ||
| 040 |
_aWA N _cWA N _dKOSZ 005/HR |
||
| 046 | _k2001 | ||
| 080 | _a378:622(438)"1989/..." | ||
| 080 | _a316.344.3-057.875(438)"1989/..." | ||
| 080 | _a004.738.5(438)"1989/..." | ||
| 245 | 0 | 0 |
_aMikrospołeczność informacyjna : _bna przykładzie miasteczka internetowego Akademii Górniczo-Hutniczej w Krakowie / _cpod red. Lesława H. Habera. |
| 260 |
_aKraków : _bUczelniane Wydawnictwa Naukowo-Dydaktyczne AGH [Akademii Górniczo-Hutniczej, _c2001. |
||
| 300 |
_a232, [3] s., [2] k. tabl. złoż. : _bil. ; _c25 cm. |
||
| 336 |
_aTekst _btxt _2rdacontent |
||
| 337 |
_aBez urządzenia pośredniczącego _bn _2rdamedia |
||
| 338 |
_aWolumin _bnc _2rdacarrier |
||
| 380 | _aKsiążki | ||
| 388 | _a2001- | ||
| 504 | _aBibliogr. przy rozdz. | ||
| 610 | 2 | 7 |
_aAkademia Górniczo-Hutnicza im. Stanisława Staszica (Kraków) _2DBN |
| 650 | 7 |
_aInternet _2DBN |
|
| 650 | 7 |
_aSpołeczeństwo informacyjne _2DBN |
|
| 650 | 7 |
_aStudenci _2DBN |
|
| 650 | 7 | _aSocjologia | |
| 650 | 7 | _aSzkolnictwo wyższe | |
| 651 | 7 |
_aKraków (woj. małopolskie) _2DBN |
|
| 658 | _aSocjologia i społeczeństwo | ||
| 700 | 1 |
_aHaber, Lesław Henryk _d(1943- ) _eAutor |
|
| 710 | 2 |
_aWydawnictwa AGH _4pbl |
|
| 856 |
_uhttp://koha.tu.koszalin.pl/cgi-bin/koha/opac-detail.pl?biblionumber=46895 _yKatalog online BPK |
||
| 942 |
_2UKD _cKS |
||
| 999 |
_c46895 _d46895 |
||